Wings - Birdy - All Lyrics - Statistics

General Stats
  • This quiz has been taken 120 times
  • The average score is 182 of 229
Answer Stats
Answer % Correct
I
100%
a
97%
go
97%
the
97%
you
97%
in
96%
In
96%
of
96%
We
96%
we
96%
me
93%
by
91%
Oh,
91%
our
91%
an
88%
down
88%
think
88%
your
88%
and
87%
And
87%
be
87%
made
87%
where
87%
wings
87%
It
85%
it
85%
could
84%
fly
84%
For
84%
for
84%
just
84%
Just
84%
moment,
84%
side
84%
wanna
82%
found
81%
If
81%
lives
81%
lost
81%
rest
81%
these
81%
we're
81%
day
78%
watch
78%
skin
75%
are
72%
They
72%
they
72%
Illuminates
71%
lights
71%
So
71%
comes
69%
I'm
69%
Sunlight
69%
from
68%
My
68%
thought
68%
creepin'
65%
on
65%
Stories
65%
how
63%
all
62%
damn
62%
ten
62%
cars
60%
danced
60%
feet
60%
tall
60%
top
60%
far
59%
told
59%
did
56%
walls
54%
Because
53%
state
53%
Under
53%
pictures
51%
remember
51%
stars
49%
tonight
49%
We’d
49%
away
47%
leavin'
47%
foreign
46%
slip
46%
after
44%
Took
44%
words
43%
thoughts,
40%
trillion
38%
aeroplane
31%
stage
31%
caught
22%
No matching quizzes found
Score Distribution
Percent of People with Each Score
Percentile by Number Answered
Your Score History
You have not taken this quiz